00471nam a2200157Ia 4500008004100000020001800041041000800059082001800067100001400085245011800099250001200217260002500229300002800254365001700282700001400299230718s9999 xx 000 0 und d a9780321884916 aeng a005.13'3bSHA aShaw Z.A. aLearn Python The Hard Way bA Very Simple Introduction To The Terrifyingly Beautiful World Of Computers And Code  a3rd ed. c2014bAddison Wesley a287dRef 1592 C (55552) cRs.b2815.29 aShaw Z.A.